000 00748nam a2200169 i 4500
001 185938
003 ES-MaACL
005 20230906222541.0
008 160826s1933 sp |||| | cat d
110 2 _aUniversidad Autónoma de Barcelona.
_bFacultad de Derecho y Ciencias Económicas y Sociales.
_9160586
245 1 0 _aOrganització. Regim d' estudis. Programa de cursos per l'any año 1933-34 /
_cUniversitat Autonoma de Barcelona, Facultat de Dret i Ciencies Economiques i Sociales.
260 _aBarcelona :
_b[s.n.],
_c1933 (
_fImp. Mallorca)
300 _a77 p. ;
_c21 cm.
610 2 _aUniversidad Autónoma de Barcelona-
_vProgramas de estudios.
_9160589
650 _aEnseñanza superior-
_zBarcelona.
_9160587
852 _aES-MaACL
_jA-1838
999 _c185938
_d185938